| 000 | 00588nam a22002057a 4500 | ||
|---|---|---|---|
| 999 |
_c17276 _d17276 |
||
| 003 | AR-CdUCM | ||
| 008 | 190503b ||||| |||| 00| 0 spa d | ||
| 040 |
_aMUNICIPALIDAD PROVINCIAL DEL CUSCO _cBIBLIOTECA MUNICIPAL DEL CUSCO |
||
| 082 |
_a818.46 / _bT98 |
||
| 100 |
_aTwain, Mark _9733 |
||
| 245 | _aTom Sawyer / | ||
| 260 |
_aArgentina : _bDifusion, _c1966. |
||
| 300 |
_a263 paginas ; _c19 cm. |
||
| 500 | _aHistoria y literatura | ||
| 650 |
_aHistoria _9246 |
||
| 650 |
_aLiteratura _983 |
||
| 700 |
_aAntonini, M. E. _935722 |
||
| 942 |
_2ddc _cLIBROS |
||
| 945 |
_arum _d2019-05-07 |
||